000 00403nam a2200157Ia 4500
008 240729s9999 xx 000 0 und d
022 _a2543-0831
245 0 _aEndodontology
260 _aIndia
260 _bWolters Kluwer Medknow Publications
650 _a Dentistry
650 _aMedicine
856 _uhttps://doaj.org/toc/731be006350647739e2df1b699cd22fc
942 _2ddc
942 _cDOAJEJ
999 _c70244
_d70244
945 _a1
_bMadushi Gamage
_c1
_dMadushi Gamage